000 01018 a2200457 4500
000 BKB
001 136699
005 20200902153106.0
008
010 _a
020 _a0202360695
082 _a362.820973
_bF86F
100 1 _aFraser, Mark W.
110 _a
245 1 _aFamilies in crisis : the impact of intersive family preservation services
_cby Mark W. Fraser...[et.al.]
250 _a
260 _aNew York
_bAldine transaction
_c1991
300 _a354p.
490 _a
_v
500 _a
600 _a
610 _a
611 _a
630 _aSocial Work
650 _a
651 _a
654 _a
690 _aWashington (State); Family social work; United States
700 _aPecora, Peter J
_b
_c
700 _aHaapala, David A
710 _a
_b
_c
711 _a
720 _a
730 _a
740 _a
752 _a
856 _a
_d
_f
904 _a
964 _a
_b
_c
_d
_e
_f
_g
965 _a
999 _c9889
_d9889